Dopasuj stolice do państwa - Statystyki

Ogólne statystyki
  • Ten quiz został rozwiązany 166 razy
  • Średni wynik to 6 z 10
Statystyki odpowiedzi
Hint Odpowiedź % Poprawnych
Wilno Litwa
97%
Tokio Japonia
95%
Ottawa Kanada
92%
Canberra Australia
83%
Sucre / La paz Boliwia
66%
Niamey Niger
47%
Luanda Angola
41%
Suva Fidżi
37%
Dili Timor wschodni
36%
Harare Zimbabwe
35%
Nie znaleziono quizów pasujących do podanych kryteriów
Rozkład punktacji
Procent ludzi z każdym wynikiem
Percentyl według liczby udzielonych odpowiedzi
Twoja historia wyników
Nie rozwiązałeś tego quizu